Statistics for Countries With The Highest Incarceration Rate

Click here to take the quiz!

General Stats

  • This quiz has been taken 23 times
  • The average score is 28 of 50

Answer Stats

RateCountry% Correct
629United States
95%
326Russia
86%
228Iran
76%
268Belize
71%
298Costa Rica
71%
510El Salvador
71%
234Honduras
71%
236Israel
71%
248South Africa
71%
295Barbados
67%
380Brazil
67%
239Guyana
67%
207Paraguay
67%
477Thailand
67%
368Turkey
67%
564Cuba
62%
241Dominican Republic
62%
333Nicaragua
62%
445Panama
62%
253Peru
62%
210Saudi Arabia
62%
382Uruguay
62%
239Argentina
57%
412Bahamas
57%
276Dominica
57%
225Ecuador
57%
434Saint Kitts and Nevis
57%
369Saint Vincent and the Grenadines
57%
234Bahrain
52%
276Trinidad and Tobago
52%
219Antigua and Barbuda
48%
394Belarus
48%
423Grenada
48%
232Morocco
48%
273Saint Lucia
48%
287Seychelles
48%
233Cambodia
43%
259Georgia
43%
212Azerbaijan
38%
274Fiji
38%
212Malaysia
38%
295Namibia
38%
479Palau
38%
580Rwanda
38%
278Eswatini
33%
224Taiwan
33%
576Turkmenistan
33%
296Cape Verde
29%
244Gabon
29%
357Maldives
29%

Score Distribution

Percentile by Number Answered

Percent of People with Each Score

Your Score History

You have not taken this quiz